00896nam a2200205Ia 4500008004100000040001800041041000800059111009600067245019000163250001200353260010600365300001800471504002100489650003100510650002500541650002400566650002300590700003500613700004200648130821s1994 ck gr spa  aCo-BoUCMbspa aspa aCongreso Nacional de Administración del Riesgo (1994 julio 28-29 : Santafé de Bogotá) aAdministración del riesgo en el sector financierocAsociación Bancaria y de Entidades Financieras de Colombia ; Compiladores Alejandro Jaramillo Martínez ; Claudia Luna González a1a. ed. aBogotá (Cundinamarca, Colombia)bAsociación Bancaria y de Entidades Financieras de Colombiac1994 a218 páginas aIncluye índice04aAdministración pública04aCréditos bancarios04aRiesgo (Economía)04aSistema financiero1 aGonzález Luna, ClaudiaeComp1 aJaramillo Martínez, AlejandroeComp